Sanoja Maiden Nimissä - Suomi-versio #4 - Statistics

Yleistilastot
  • Tätä visaa on pelattu 380 kertaa
    376 viimeisimmän päivityksen jälkeen
  • Keskiarvotulos 10 / 14
Vastaustilastot
Sana Maa % Oikein
puola Puola
98%
šekki Tšekki
98%
rannikko Norsunluurannikko
93%
lanka Sri Lanka
92%
mikro Mikronesia
90%
hai Thaimaa, Haiti
88%
leso Lesotho
87%
hile Chile
85%
päivä Päiväntasaajan Guinea
81%
eri Nigeria, Eritrea, Liberia, Algeria
77%
kuu Kuuba
72%
aina Ukraina
40%
osa Mosambik
26%
nyt Yhdistynyt Kuningaskunta
21%
Ehtoja vastaavia visoja ei löytynyt
Tulosjakauma
Jokaisen tuloksen saaneiden osuus
Persentiili vastausten määrän mukaan
Tuloshistoriasi
Et ole pelannut tätä visaa sen viimeisimmän päivityksen jälkeen